[Event "Warsaw"]
[Site "?"]
[Date "1999.??.??"]
[Round "?"]
[White "Koziak Vitali"]
[Black "Svidler Peter"]
[Result "0-1"]
[WhiteElo "2483"]
[BlackElo "2713"]
[PlyCount "98"]
[EventDate "1999.??.??"]
[Source "www.chesslib.no"]
[SourceDate "2004.05.04"]

1. e4 g6 2. d4 Bg7 3. Nc3 d6 4. Be3 a6 5. f3 Nd7 6. Qd2 b5 7. h4 h6 8. Nh3 Ngf6 9. g4 Nb6 10. g5 hxg5 11. Nxg5 Bb7 12. a4 b4 13. Nd1 a5 14. c3 Ba6 15. Bxa6 Rxa6 16. cxb4 axb4 17. Qxb4 O-O 18. Nc3 Qa8 19. b3 Rb8 20. Nb5 Qb7 21. Qd2 c5 22. Rc1 c4 23. a5 c3 24. Nxc3 Rxa5 25. Kf2 Ra3 26. Rb1 Nbd7 27. Qe2 Rxb3 28. Rhc1 e6 29. Rxb3 Qxb3 30. Qc2 Qa3 31. Rb1 Rc8 32. Rb3 Qa5 33. Qd3 e5 34. Ne2 d5 35. Qb5 Qa2 36. Rb2 Qa8 37. Qb7 dxe4 38. Qxa8 Rxa8 39. fxe4 Ng4+ 40. Kf3 Nxe3 41. Kxe3 exd4+ 42. Kf2 d3 43. Rd2 Nc5 44. Nf4 f6 45. Nge6 Nxe4+ 46. Ke3 Nxd2 47. Kxd2 Ra4 48. Kxd3 Bh6 49. Nxg6 Kf7 0-1

[Event "Lausanne Young Masters"]
[Site "Lausanne"]
[Date "2000.06.02"]
[Round "2.2"]
[White "Galkin, Alexander"]
[Black "Ponomariov, Ruslan"]
[Result "1/2-1/2"]
[WhiteElo "2566"]
[BlackElo "2627"]
[PlyCount "37"]
[EventDate "2000.05.30"]
[Source "ChessBase"]
[SourceDate "2000.10.18"]

1. e4 g6 2. d4 Bg7 3. Nc3 d6 4. Be3 a6 5. f4 b5 6. Be2 b4 7. Nb1 Bb7 8. Bf3 Nf6 9. Qd3 Nbd7 10. Nd2 O-O 11. c4 bxc3 12. bxc3 c5 13. Ne2 cxd4 14. cxd4 e5 15. Rb1 Bc6 16. O-O Bb5 17. Qc3 Rc8 18. Qb2 Re8 19. Rbe1 1/2-1/2

[Event "Harplinge"]
[Site "Harplinge"]
[Date "1998.08.15"]
[Round "1"]
[White "Sutovsky, Emil"]
[Black "Hansen, Curt"]
[Result "0-1"]
[WhiteElo "2575"]
[BlackElo "2610"]
[PlyCount "120"]
[EventDate "1998.08.15"]
[Source "ChessBase"]
[SourceDate "1998.11.30"]

1. e4 g6 2. d4 Bg7 3. Nc3 d6 4. Bg5 Nd7 5. Nf3 a6 6. a4 h6 7. Be3 b6 8. d5 Ngf6 9. Nd4 O-O 10. f3 Qe8 11. Qd2 Kh7 12. Bc4 Ne5 13. Bb3 e6 14. O-O exd5 15. Nxd5 Nxd5 16. Bxd5 c6 17. Ba2 Rb8 18. Rad1 b5 19. axb5 axb5 20. Ne2 Ra8 21. Bb3 Be6 22. Bxe6 Qxe6 23. b3 Rfd8 24. Bb6 Rd7 25. f4 Ng4 26. Ng3 h5 27. h3 h4 28. Ne2 Nf6 29. f5 Qe7 30. Qe1 Nxe4 31. Bd4 d5 32. Nc3 Bxd4+ 33. Rxd4 Ng3 34. fxg6+ fxg6 35. Qxe7+ Rxe7 36. Rxh4+ Kg7 37. Rd1 Re3 38. Rd3 Nf5 39. Rb4 d4 40. Rxe3 dxe3 41. g4 Ra1+ 42. Kh2 Nh4 43. Re4 Re1 44. g5 Nf5 45. Kg2 Rc1 46. Ne2 Rxc2 47. Kf3 c5 48. Re5 Nd4+ 49. Nxd4 cxd4 50. Re7+ Kf8 51. Re4 Rf2+ 52. Kg3 Rd2 53. Kf3 b4 54. h4 Kf7 55. h5 gxh5 56. Kf4 Rf2+ 57. Kg3 Rf1 58. Kg2 Rd1 59. Kf3 Kg6 60. Re5 Rf1+ 0-1

[Event "Prague Sachinfo playoff 6'-5'"]
[Site "Prague"]
[Date "1999.06.01"]
[Round "2"]
[White "Rogers, Ian"]
[Black "Babula, Vlastimil"]
[Result "1-0"]
[WhiteElo "2618"]
[BlackElo "2565"]
[PlyCount "47"]
[EventDate "1999.05.??"]
[Source "ChessBase"]
[SourceDate "1999.10.01"]

1. e4 g6 2. d4 Bg7 3. Nc3 d6 4. Nf3 Bg4 5. Be2 Bxf3 6. Bxf3 e5 7. Ne2 Nc6 8. c3 Nf6 9. Qb3 Qc8 10. O-O O-O 11. h3 Re8 12. d5 Nb8 13. c4 a5 14. Qc2 Na6 15. b3 Rf8 16. a3 Ne8 17. Bd2 b6 18. b4 axb4 19. axb4 f5 20. Ra3 Nf6 21. Rfa1 fxe4 22. Bxe4 Qb7 23. Ng3 Nd7 24. Qa2 1-0

[Event "Tilburg"]
[Site "Tilburg"]
[Date "1992.??.??"]
[Round "2"]
[White "Kovalev, Andrei"]
[Black "Chernin, Alexander"]
[Result "1/2-1/2"]
[WhiteElo "2580"]
[BlackElo "2600"]
[PlyCount "34"]
[EventDate "1992.10.??"]
[Source "ChessBase"]

1. e4 g6 2. d4 Bg7 3. Nf3 d6 4. Nc3 a6 5. a4 Nf6 6. Be2 O-O 7. O-O Nc6 8. d5 Nb4 9. a5 e6 10. h3 Re8 11. Bg5 h6 12. Be3 Bd7 13. Qd2 Kh7 14. Rfd1 Qe7 15. Na4 exd5 16. Qxb4 c5 17. Qb3 dxe4 1/2-1/2

[Event "WchT 4th"]
[Site "Luzern"]
[Date "1997.??.??"]
[Round "9"]
[White "Ioseliani, Nana"]
[Black "Svidler, Peter"]
[Result "0-1"]
[WhiteElo "2520"]
[BlackElo "2660"]
[PlyCount "68"]
[EventDate "1997.10.??"]
[Source "ChessBase"]
[SourceDate "1998.01.31"]

1. e4 g6 2. d4 Bg7 3. Nc3 d6 4. Be3 a6 5. Qd2 Nd7 6. f3 b5 7. h4 Ngf6 8. g4 h6 9. Nh3 Nb6 10. O-O-O b4 11. Nb1 a5 12. Nf4 Nfd7 13. Bb5 Bb7 14. d5 c5 15. dxc6 Bxc6 16. Qe2 Rc8 17. Bxc6 Rxc6 18. Nd5 O-O 19. Bd4 Bxd4 20. Rxd4 e6 21. Ne3 Nc5 22. Nc4 Nxc4 23. Rxc4 d5 24. exd5 exd5 25. Rd1 Nd3+ 26. Qxd3 Rxc4 27. Nd2 Rc6 28. h5 Qg5 29. hxg6 fxg6 30. Kb1 Rfc8 31. Nb3 Rxc2 32. f4 Qxf4 33. Qxg6+ Kh8 34. Rh1 Rh2 0-1

[Event "Campionato europeo 2007"]
[Site "Dresda GER"]
[Date "2007.04.14"]
[Round "11.64"]
[White "Kobalia, Mikhail"]
[Black "Narciso Dublan, Marc"]
[Result "1/2-1/2"]
[WhiteElo "2639"]
[BlackElo "2539"]
[PlyCount "66"]
[EventDate "2007.04.03"]
[Source "www.chesslib.no"]
[SourceDate "2004.05.04"]

1. e4 g6 2. d4 Bg7 3. Nf3 d6 4. Bc4 e6 5. Bb3 Ne7 6. O-O b6 7. Nbd2 O-O 8. Re1 c5 9. c3 cxd4 10. cxd4 Nbc6 11. Nf1 Ba6 12. Ng3 Rc8 13. d5 exd5 14. exd5 Ne5 15. Nxe5 dxe5 16. Be3 Nf5 17. Nxf5 gxf5 18. Rc1 Qf6 19. Bd2 e4 20. Bc3 Qg6 21. Bxg7 Qxg7 22. Qd2 Qf6 23. Rxc8 Rxc8 24. Qf4 Bd3 25. h3 h6 26. Rc1 Rxc1+ 27. Qxc1 f4 28. Qc6 Qe5 29. d6 e3 30. fxe3 Qxe3+ 31. Kh2 Qg3+ 32. Kg1 Qe1+ 33. Kh2 Qg3+ 1/2-1/2